000 00641nam a22001937a 4500
999 _c143583
_d143583
005 20181222145200.0
010 _aENG-119956
020 _a9788184621396
_c499.00
035 _aEN-103488
037 _bDBAD/PUB
082 _a342.540833
100 _aGhandhi, Shailesh
245 _aRTI act authentic interpretation of the statute /
_cby Shailesh Gandhi [and ] Pralhad Kachare
260 _aMumbai
_bVakils, Feffer & Simons
_c2016
270 _aIndustry Manor, Appasaheb Marathe Marge Prabhadevi
_bMumbai
_e400025
300 _a91p.
_c22cm(pbk)
700 _aKachare, Pralhad
942 _2ddc
_cEN
_h342.540833
_mGAN